| 000 | 00644nam a2200205 u 4500 | ||
|---|---|---|---|
| 005 | 20210223132408.0 | ||
| 008 | 140623s2013 r 000 0 eng d | ||
| 020 | _a9786079548384 | ||
| 035 | _aUPN01000198231 | ||
| 049 | _aCG | ||
| 050 | 4 |
_aLB2826.6 M6 _bM3.4 |
|
| 245 | 0 | 1 |
_a(Mal) gasto : _bestado de la educación en México, 2013 / _ccoord. David Calderón. |
| 260 |
_aMéxico : _bMexicanos Primero, _c2013. |
||
| 300 |
_a222 p. : _bil. col., gráfs., cuadros |
||
| 650 | 4 |
_aEDUCACION - _xFINANZAS - _zMEXICO _914885 |
|
| 650 | 4 |
_aCOSTOS EDUCATIVOS _911419 |
|
| 700 | 1 |
_aCalderón, David, _ecoord. |
|
| 905 | _aLibro | ||
| 999 |
_c170332 _d170332 |
||